Boundary value problems for higher order differential equations
Saved in:
| Main Author: | |
|---|---|
| Format: | Book |
| Language: | English |
| Published: |
Singapore ; Philadelphia, Pa. :
World Scientific,
c1986
|
| Subjects: | |
| Tags: |
Add Tag
No Tags, Be the first to tag this record!
|
MARC
| LEADER | 00000nam a2200000 i 4500 | ||
|---|---|---|---|
| 001 | 1/76233 | ||
| 008 | 990428s1986 eng d | ||
| 020 | |a 9971-5-0108-2 | ||
| 035 | |l 10049547 | ||
| 040 | |a GR-MY-UA |b gre |e aacr | ||
| 041 | 0 | |a eng | |
| 082 | 0 | |a 515.35 | |
| 100 | 1 | |a Agarwal, Ravi P. | |
| 245 | 1 | 0 | |a Boundary value problems for higher order differential equations / |c Ravi P. Agarwal |
| 260 | |a Singapore ; Philadelphia, Pa. : |b World Scientific, |c c1986 | ||
| 300 | |a x, 307 p.; |c 23 cm. | ||
| 500 | |a Includes bibliographical references and index | ||
| 650 | 0 | 0 | |a Boundary value problems. |
| 852 | |a INST |b SAMOS |e 19990428 |h 515.35 AGA |p 005300014814 |q 005300014814 |t BK |y 0 | ||
| 901 | |a BIBL-1999-1 | ||
| 909 | |a Σ |b 064660 | ||
| 922 | |a 3ΕΛΗ |b 199903 |c ΚΠΣ |d GLORY | ||
| 950 | |a 116-1998-08-10 | ||